Théatre de Plaute : L'homme aux trois deniers ; Le brutal ; fragmens /

Guardado en:
Detalles Bibliográficos
Autor principal: Plauto, Tito Maccio (autor)
Otros autores: Naudet, Joseph (notas y traducción) (notas y traducción)
Formato: Libro
Idioma:Francés
Colección:(Bibliothèque Latine-Française. Plaute ; 9)
(Bibliothèque Latine-Française, Collection des Classiques Latins)
Temas:
Etiquetas: Agrega una etiqueta
Sin etiquetas, Sé el primero en etiquetar este registro!

MARC

LEADER 00000nam^a2200000^a^4500
001 000379473
005 20250526000000.0
009 20260310120528.012
037 |a Acervo Xavier Clavigero 
041 |a FRA 
082 |a 878.  |b BIB PLA V. 9 
100 |a Plauto, Tito Maccio  |e (autor) 
240 1 1 |a [Théatre de Plaute] 
240 1 4 |a [El hombre de las tres monedas] 
240 1 4 |a [El brutal] 
245 1 0 |a Théatre de Plaute :  |b L'homme aux trois deniers ; Le brutal ; fragmens /  |c T.M. Plauto ; notas y tr. por J. Naudet. 
264 |a París, Francia :  |b C.L.F. Panckoucke,  |c 1838 
300 |a 433 p. ;  |c 21.5 cm. 
336 |a texto  |b txt  |2 rdacontenido 
337 |a sin mediación  |b n  |2 rdamedio 
338 |a volumen  |b nc  |2 rdasoporte 
440 1 |a (Bibliothèque Latine-Française.  |p Plaute ;  |v 9) 
440 1 |a (Bibliothèque Latine-Française, Collection des Classiques Latins) 
501 |a Encuadernación particular 
545 0 |a Tito Maccio Plauto (254-184 a.C.), dramaturgo, se le considera como uno de los grandes comediógrafos latinos junto con su sucesor Publio Terencio Afro. Sus obras consisten en adaptaciones de la comedia griega, en particular de Menandro, y aunque las tramas se ubican en ciudades griegas, se reconocen en ellas situaciones y estados de ánimo de la vida romana. Parte de estereotipos para la construcción de personajes, pues aparecen de forma reiterativa ciertas figuras dramáticas: jóvenes soñadores y enamoradizos, esclavos astutos y socarrones, prostitutas libres, viejos lujuriosos, estafadores y parásitos sociales pueblan sus historias y se dedican a retratan con humor el espíritu de la gente común, cualidades que le permitieron a Plauto gozar de enorme éxito entre las clases populares más que en las aristocráticas. El uso de aliteraciones y juegos de palabras, el combinar soliloquios líricos con diálogos ordinarios, y la evocación a la fantasía y al lirismo demuestran una astucia verbal que influiría en escritores como Molière o Shakespeare. Se estima que escribió cerca de 131 comedias, aunque sólo se ha confirmado su autoría en 21 de ellas. Entre sus más conocidas se encuentran Aulularia, Anfitrión, Los cautivos, La soga, o Los mellizos. 
546 |a Edición bilingüe francés-latín 
561 |a Ex libris de Dr. Ponciano Herrera 
561 |a Ex libris de Bibl. Magnopontanae Domus Scti. Ioseph. Prov. Mex. Sept. S.I. 
562 |a Falta cubierta 
649 |a XX 
650 |a Prostitutas en la Literatura 
650 |a Comedia Clásica 
650 |a Comedia Latina 
650 |a Teatro Clásico 
650 |a Teatro Latino 
650 |a Literatura Clásica 
650 |a Literatura Latina -  |y Siglo II a.C. 
650 |a Prostitución en la Literatura 
740 1 |a L'homme aux trois deniers =  |b Trinumus /  |c T.M. Plauto ; notas y tr. por J. Naudet. 
740 3 |a Le brutal =  |b Truculentus /  |c T.M. Plauto ; notas y tr. por J. Naudet. 
700 |a Naudet, Joseph  |e (notas y traducción) 
910 |a Fondo General 
920 |a Impresos - Libros 
930 |a Libros Antiguos y Raros 
940 |a Literatura 
905 |a 108 
901 |a 0500274583  |b IT2  |c LRA  |u 20250526 
902 |a https://opac.biblio.iteso.mx/vufind/Record/000379473